01061nam a2200241Ia 4500001000600000003000900006008004100015040001300056040001300069041001300082100001900095100002900114245005700143245007900200250001100279260001100290260001800301260004900319300005900368500031800427650004300745650003100788F4080IT-RoPAU130308s9999 xx 000 0 und d aIT-RoPAU cIT-RoPAU aITALIANO aCeccato Silvio gCodice Aut. SPICS: 8236 aItinerarium Mentis in Deum. Quadro sacrale operativo bDal Gesto al pensiero . Il Linguaggio del Corpo Alle Frontiere della Mente a1a ed. aMILANO bAngeli Franco c1998 [1° Ed.:1998 - Ed.Ling.Originale:1998] a"35 p. (prefazione: no ; testo: 35 [pagine: 283-317])" aBisogni e Desideri, Energia Nervosa e Attenzione, Percezione, Sensazione, Psiche, Persona, pensiero ritmo e Linguaggio, Percezione Tradita, Trascendenza e Fisicizzazione, miracoli dell'Attenzione, Fisicità Astrale, Valori Cadetti, Assegnazione dei Valori e costituzione dei Portatori, Assiologia Intono Minore. aPSICOLOGIA DELLA COMUNICAZIONE SOCIALE eCodice materia Spics: 3805